History Quiz

Random History or Europe Quiz

European Countries by History II Quiz Stats

 Plays Quiz Updated Feb 13, 2019

Support Sporcle.
Go Orange.
Score 0/23 Timer 06:00
2 Plays Today
% Correct
The Hundred Years' War was a series of conflicts between the Kingdom of England and this countryFrance
97.7%
This country is credited as the birthplace of the RenaissanceItaly
96.4%
The fathers of philosophy Plato, Socrates and Aristotle were born in this countryGreece
95.5%
This country achieved independence on January 1st 1993 when it split from the Czech RepublicSlovakia
86.9%
The Treaty of Paris in 1815 established this country as a neutral stateSwitzerland
83.7%
The first naval voyage from Europe to India was sponsored by this countryPortugal
83.7%
William III of England, often known as William of Orange, was born in this modern day countryNetherlands
83%
This walled microstate was established in 1929 by the Lateran TreatyVatican
77.3%
In 1956, this country came to international attention when Grace Kelly married its monarchMonaco
75.9%
In 2008, this country became the most recent former-Yugoslav state to declare independenceKosovo
69.2%
The capital of this country was also capital of Yugoslavia before its collapseSerbia
66.8%
The Winter War was a military conflict between the Soviet Union and this countryFinland
66%
% Correct
In 1989, the Solidarity trade union movement led to semi-free elections, eventually leading to the fall of communism, in this countryPoland
64.4%
Marie Antoinette was born and raised in this modern day country before becoming the Queen of FranceAustria
63.1%
This former-Soviet country has been ruled by Alexander Lukashenko since 1994Belarus
62.9%
This country was ruled by Nicolae Ceau┼čescu from 1967 until 1989 when he was overthrown and executed on charges of genocideRomania
60.9%
The historic region of Anatolia consisted of territory primarily located in this modern day countryTurkey
56.1%
A war for independence in this country, in 1992, sparked conflict between its three main ethnic groupsBosnia-Herzegovina
49%
In 2004, a peaceful and democratic change of leadership, dubbed the Orange Revolution, occurred in this countryUkraine
48.7%
This country became the first former-Soviet country to join the Eurozone in 2011Estonia
47.6%
The United States purchased the US Virgin Islands from this country in 1916Denmark
37.5%
Catholic missionary Mother Teresa was born in the capital of this modern day countryNorth Macedonia
33.9%
This country is home to the UNESCO-recognized Megalithic Temples, some of the world's oldest freestanding structures, dating back to 3000 BCMalta
20.4%

From the Vault

MLB National League MVPs (2000s)

by Propellerhead

Sports 4m
How many MVPs does it take before we need a title for the MVPs of the MVPs?
Remove Ads.
Support Sporcle.
Get the best of Sporcle when you Go Orange. This ad-free experience offers more features, more stats, and more fun while also helping to support Sporcle. Thank you for becoming a member.

Show Comments

Extras

Top Quizzes Today


Score Distribution

Your Account Isn't Verified!

In order to create a playlist on Sporcle, you need to verify the email address you used during registration. Go to your Sporcle Settings to finish the process.

Report this User

Report this user for behavior that violates our Community Guidelines.

Details: